Address to the Royal Geographical Society of London delivered at the anniversary meeting on the 23rd may 1842 / (Record no. 155084)

MARC details
000 -LEADER
campo de control de longitud fija 00713nam a22001935i 4500
001 - NÚMERO DE CONTROL
campo de control 155084
003 - IDENTIFICADOR DE NÚMERO DE CONTROL
campo de control ES-MaACL
005 - FECHA Y HORA DE LA ÚLTIMA TRANSACCIÓN
campo de control 20251014063219.0
008 - DATOS DE LONGITUD FIJA--INFORMACIÓN GENERAL
campo de control de longitud fija 040720s1842 xxk |||| | eng d
040 ## - FUENTE DE CATALOGACIÓN
Centro catalogador/agencia de origen CAM
Lengua de catalogación spa
Centro/agencia transcriptor CAM
100 1# - ENTRADA PRINCIPAL--NOMBRE DE PERSONA
Nombre de persona Hamilton, William Rowan,
Títulos y otros términos asociados al nombre Sir,
Fechas asociadas al nombre 1805-1865
9 (RLIN) 154473
245 10 - MENCIÓN DEL TÍTULO
Título Address to the Royal Geographical Society of London delivered at the anniversary meeting on the 23rd may 1842 /
Mención de responsabilidad, etc. by W.R. Hamilton.
260 ## - PUBLICACIÓN, DISTRIBUCIÓN, ETC.
Lugar de publicación, distribución, etc. London :
Nombre del editor, distribuidor, etc. W. Clowes and sons,
Fecha de publicación, distribución, etc. 1842.
300 ## - DESCRIPCIÓN FÍSICA
Extensión 57 p. ;
Dimensiones 20 cm.
650 #7 - PUNTO DE ACCESO ADICIONAL DE MATERIA--TÉRMINO DE MATERIA
Término de materia o nombre geográfico como elemento de entrada Descubrimientos geográficos
Fuente del encabezamiento o término embne
9 (RLIN) 11827
710 2# - ENTRADA AGREGADA--NOMBRE DE ENTIDAD CORPORATIVA
Nombre de entidad corporativa o nombre de jurisdicción como elemento de entrada Royal Geographical Society.
9 (RLIN) 6466
852 ## - LOCALIZACIÓN
Ubicación ES-MaACL
Número de control de estantería T-16-F-1
Nota libre -- Enc. hol.
Holdings
Estatus retirado Estado de pérdida Estado de daño No para préstamo Colección Biblioteca de origen Biblioteca actual Ubicación en estantería Fecha de adquisición Fuente de adquisición Total de préstamos Signatura topográfica completa Código de barras Visto por última vez Precio de reemplazo Tipo de ítem Koha
        Colección de folletos Biblioteca del Ateneo de Madrid Biblioteca del Ateneo de Madrid Depósito folletos 17/01/2008     T-16-F 1162225 23/02/2023 23/02/2023 Folleto